Champions de League of Legends - Statistiques

Statistiques générales
  • Ce quiz a été pris 130 fois
  • Le résultat moyen est 14 sur 16
Statistiques - réponses
Par images Réponse % Correct
Jinx
100%
Miss Fortune
96%
Garen
93%
Caitlyn
92%
Leblanc
92%
Brand
91%
Jayce
90%
Renekton
90%
Azir
89%
Wukong
89%
Mordekaiser
88%
Pantheon
88%
Gwen
85%
Sejuani
85%
Zilean
82%
Qiyana
71%
Aucun quiz correspondant
Distribution des résultats
% des personnes avec chaque résultat
Percentile par nombre de réponses
Votre historique - résultats
Vous n’avez pas pris ce quiz